Score 0/24 Timer 04:00
3 Plays Today
% Correct
gargantuan
94.3%
elementary
92.7%
malevolent
88.2%
lackadaisical
85%
audacious
84.5%
penultimate
80%
dexterous
77.9%
circumlocutory
75.2%
idiosyncratic
72.4%
rampageous
72.1%
efficacious
65.4%
lachrymose
51.5%
% Correct
antediluvian
47.4%
parsimonious
35.7%
supercilious
34.3%
sesquipedalian
33.1%
impecunious
28.9%
pulchritudinous
28.4%
mendacious
28.3%
perspicacious
24.4%
punctilious
22.9%
obstreperous
22.9%
pusillanimous
19.8%
tendentious
17.5%

You're not logged in!

Compare scores with friends on all Sporcle quizzes.
OR
Log In

Sporcle TV

Today on Sporcle TV


Watch our educational content, quiz creation guides, and fun videos on Sporcle TV.

Show Comments

Extras

Top Quizzes Today


Score Distribution

Paid Content

Your Account Isn't Verified!

In order to create a playlist on Sporcle, you need to verify the email address you used during registration. Go to your Sporcle Settings to finish the process.

Report this User

Report this user for behavior that violates our Community Guidelines.

Details: